LEADER 00898nam0-2200325---450- 001 990004371570403321 005 20110523155244.0 010 $a3-503-04993-2$b1. v. 035 $a000437157 035 $aFED01000437157 035 $a(Aleph)000437157FED01 035 $a000437157 100 $a19990604g20019999km-y0itay50------ba 101 0 $ager 102 $aDE 105 $a--------001yy 200 1 $aGeorg Büchner und die Moderne$eTexte, Analysen, Kommentar$fhrsg. Dietmar Goltschnigg 210 $aBerlin$cSchmidt$d2001- 215 $av.$d24 cm 327 0 $a1.: 1875-1945. - 2001 610 0 $aBüchner, Georg 676 $a832.7 702 1$aGoltschnigg,$bDietmar 801 0$aIT$bUNINA$gRICA$2UNIMARC 901 $aBK 912 $a990004371570403321 952 $a832.7 BUCH/S 1(1)$fFLFBC 959 $aFLFBC 996 $aGeorg Büchner und die Moderne$9540828 997 $aUNINA LEADER 01168nam--2200397---450- 001 990000401180203316 010 $a3-540-52738-9 035 $a0040118 035 $aUSA010040118 035 $a(ALEPH)000040118USA01 035 $a0040118 100 $a20010417d1994----km-y0itay0103----ba 101 $aeng 102 $aDE 105 $a||||||||001yy 200 1 $aAlkaloids$fedited by H.F. Linskens and J.F. Jackson$gcontributors R.A. Andersen ... 210 $aBerlin$cSpringer Verlag$dc1994 215 $aXVIII, 237 p.$d24 cm 225 2 $aModern methods of plant analysis$v15 410 $12001$aModern methods of plant analysis$v15 461 1$1001-------$12001 606 0 $aAlcaloidi 676 $a574.19242 702 1$aLINSKENS,$bHnas Ferdinand 702 1$aJACKSON,$bJohn F. 702 1$aANDERSEN,$bR.A. 801 0$aIT$bsalbc$gISBD 912 $a990000401180203316 951 $a574.192 42 ALK$b1187 ING$c574 192 959 $aBK 969 $aTEC 979 $aPATTY$b90$c20010417$lUSA01$h1146 979 $c20020403$lUSA01$h1648 979 $aPATRY$b90$c20040406$lUSA01$h1628 996 $aAlkaloids$980426 997 $aUNISA